Nearest Non-Bordering European Countries Quiz Stats

Quiz Updated Jan 11, 2018

Challenge
Share
Tweet
Embed
Score 0/20 Timer 15:00
0 Plays Today
Minimum distance Countries % Correct
32.9 km (20.4 mi)France - United Kingdom
73.8%
3.9 km (2.4 mi)Denmark - Sweden
66.1%
8.2 km (5.1 mi)Italy - Monaco
51.3%
63.4 km (39.4 mi)Luxembourg - Netherlands
44.8%
54.1 km (33.6 mi)France - Netherlands
42.2%
26.5 km (16.5 mi)Germany - Liechtenstein
39.7%
33.9 km (21.1 mi)Estonia - Finland
38.9%
12.8 km (8.0 mi)Croatia - Italy
38.7%
45.1 km (28.1 mi)Germany - Italy
37%
60.0 km (37.3 mi)Italy - Liechtenstein
34.4%
Minimum distance Countries % Correct
45.0 km (28.0 mi)Bosnia and Herzegovina - Slovenia
27.5%
69.1 km (42.9 mi)Czechia - Hungary
22.2%
38.3 km (23.8 mi)Albania - Serbia
20.9%
23.5 km (14.6 mi)Austria - Croatia
20.3%
72.8 km (45.2 mi)Albania - Italy
20.2%
66.0 km (41.0 mi)Albania - Croatia
20.1%
72.6 km (45.1 mi)Germany - Sweden
20.1%
67.6 km (42.0 mi) Bosnia and Herzegovina - Hungary
13.4%
53.8 km (33.4 mi)Bulgaria - Kosovo
12.8%
69.1 km (42.9 mi)Romania - Slovakia
11.4%

You're not logged in!

Compare scores with friends on all Sporcle quizzes.
Sign Up with Email
OR
Log In

You Might Also Like...

Show Comments

Extras

Top Quizzes Today


Score Distribution

Your Account Isn't Verified!

In order to create a playlist on Sporcle, you need to verify the email address you used during registration. Go to your Sporcle Settings to finish the process.